Un rosa carne /

Detalles Bibliográficos
Autor principal: Zapata, Cristóbal (Autor)
Formato: Electrónico eBook
Lenguaje:español
Publicado: Cuenca, Ecuador : Universidad del Azuay, Casa Editora, [2023]
Edición:Primera edición.
Colección:Litterae (Cuenca, Ecuador)
Materias:
Acceso en línea:Digitalia Hispánica

MARC

LEADER 00000nam a2200000Ii 4500
001 DIGUAZUAY0183
003 NyNyDIG
006 m o d
007 cr |||||||||||
008 250103s2023 ec o 000 p spa d
035 |a (OCoLC)1491108234 
040 |a DGITA  |b eng  |e rda  |e pn  |c DGITA 
020 |a 9789942618733  |q eBook 
020 |z 9789942618726 
050 1 4 |a PQ8220.36.A63 ebook 
100 1 |a Zapata, Cristóbal,  |e author. 
245 1 3 |a Un rosa carne /  |c Cristóbal Zapata. 
250 |a Primera edición. 
264 1 |a Cuenca, Ecuador :  |b Universidad del Azuay, Casa Editora,  |c [2023] 
300 |a 1 online resource. 
336 |a text  |b txt  |2 rdacontent 
337 |a computer  |b c  |2 rdamedia 
338 |a online resource  |b cr  |2 rdacarrier 
347 |a text file  |2 rdaft 
347 |b PDF 
490 1 |a Litterae 
588 0 |a Online resource; title from PDF title page (Digitalia, viewed January 3, 2025) 
655 7 |a Poetry.  |2 lcgft 
791 2 |a Digitalia (Firm),  |e distributor. 
793 0 |g Digitalia eBook Collection:  |a Universidad del Azuay 
776 0 8 |i Print version:  |a Zapata, Cristóbal.  |t Rosa carne.  |b Primera edición.  |d Cuenca, Ecuador : Universidad del Azuay, Casa Editora, [2023]  |z 9789942618726 
830 0 |a Litterae (Cuenca, Ecuador) 
856 4 0 |3 Digitalia Hispánica  |u https://www.digitaliapublishing.com/a/133568/ 
910 |a Premium collection: 2025